| 000 | 00542nam a2200205Ia 4500 | ||
|---|---|---|---|
| 003 | OSt | ||
| 005 | 20241129105412.0 | ||
| 008 | 210716s1991 xx 000 0 und d | ||
| 020 | _a0804109826 | ||
| 040 | _cAIMIT LIBRARY | ||
| 041 | _aeng | ||
| 082 |
_a808.83 _21 _bBROT |
||
| 100 |
_aBrooks, Terry. _9187195 |
||
| 245 |
_aHook / _cBy Terry Brooks. |
||
| 250 | _a1st ed. | ||
| 260 |
_aNew York : _bBallantine books ; _c1991. |
||
| 300 |
_aviii,211p. ; _bPB _c17 cm. |
||
| 650 |
_aNovels _9187196 |
||
| 942 |
_2ddc _cBK _e1st ed. _k808.83 BROT |
||
| 999 |
_c199897 _d199897 |
||